000 00560nam a2200205Ia 4500
005 20250508170228.0
008 008 250505s9999 xx 000 0 hin d
037 _aTextBook
040 _aFEDL
_beng
_cFEDL
041 _ahin
_2eng
084 _a155.4, RAN/R
_qFEDL
100 _aRanganathan Namita
245 0 _aBachchon ki duniya: Vikas evam shiksha
260 _aDelhi, India
_bShipra
_c2023
300 _ax, 170p.
365 _aINR
_b220
700 _a Kaushik Bharti
_9783536
942 _cTB
_h155.4, RAN/R
999 _c1399920
_d1399920